00960nas a2200277 4500001001300000003000900013005001700022007000300039008003400042040005400076041000900130072000800139100001700147100001500164100002000179100001900199100001900218245011100237246009700348650000900445650001400454650001600468650000900484650000900493773018000502BR2011008179BR-BrBNA20231205115845.0ta230509b bl.|||p| |||| 00| 00por d aBR-BrBNAbporcBiblioteca Nacional de Agricultura a(Pt) aL701 aSoares, A.V.1 aLuiz, R.M.1 aMoraes, A.N. de1 aCorrêa, A.L.1 aOleskovicz, N.1 aAnestesia intravenosa total ou intraóssea com propofol em gatos submetidos a gonadectomia pré-púbere1 aIntravenous or intraosseous propofol anesthesia in cats submitted to prepubertal gonadectomy aGATO aANESTESIA aMEDICAMENTO aVEIA aOSSO0 tMEDVEP. Revista Científica de Medicina Veterinária. Pequenos Animais e Animais de Estimação (Brazil)xISSN 1678-1430g(Apr-Jun 2011), v. 9(29) p. 206-210wBR2011008179